000 00673nam a22002177a 4500
005 20230113153606.0
008 230113b |||||||| |||| 00| 0 eng d
020 _a9780670093243
_cRs.599.00
040 _aLoreto College
041 _aEnglish
082 _a342.954
_bRAT
100 _aRathore,Aakash Singh
245 _aAmbedkar's preamble
_bA secret history of the Constitution of India
_cAakash Singh Rathore
260 _aGurgaon
_bPenguin Random House India
_c2020
300 _axlviii,236p
_b22cm
504 _aIncludes bibliographical references and index
650 _aConstitution
_zIndia
651 _aIndia
_zPreambles(Law)
850 _aLCLIB
942 _cBK
999 _c43090
_d93569